Focus (Record no. 82689)

MARC details
000 -LEADER
fixed length control field 01004cab a22002655a 4500
001 - CONTROL NUMBER
control field L151016
008 - FIXED-LENGTH DATA ELEMENTS--GENERAL INFORMATION
fixed length control field 100923e20100918xxk 000 0 eng d
035 ## - SYSTEM CONTROL NUMBER
System control number (Sirsi) u151016
041 0# - LANGUAGE CODE
Language code of text/sound track or separate title eng
100 1# - MAIN ENTRY--PERSONAL NAME
Personal name Day, Karen
245 00 - TITLE STATEMENT
Title Focus
Medium Cambs, Norfolk and Suffolk
260 ## - PUBLICATION, DISTRIBUTION, ETC.
Date of publication, distribution, etc. 2010
490 ## - SERIES STATEMENT
Series statement Estates Gazette
Volume/sequential designation (1037) 18 September 2010, 114-129(9)
520 ## - SUMMARY, ETC.
Summary, etc. Local authorities such as Cambridge and Peterborough are planning to join together to set up local economic partnerships to replace the East of England Development Agency which is due to be dissolved by 2012. Overview of market in Ipswich and Huntingdon and office, retail and industrial take-up in Cambridge and Norwich.
590 ## - LOCAL NOTE (RLIN)
Local note KA
651 #4 - SUBJECT ADDED ENTRY--GEOGRAPHIC NAME
Geographic name Cambridgeshire
651 #4 - SUBJECT ADDED ENTRY--GEOGRAPHIC NAME
Geographic name Norfolk
651 #4 - SUBJECT ADDED ENTRY--GEOGRAPHIC NAME
Geographic name Suffolk
690 ## - LOCAL SUBJECT ADDED ENTRY--TOPICAL TERM (OCLC, RLIN)
Topical term or geographic name as entry element PROPERTY-COMMERCIAL PROPERTY-COMMERCIAL PROPERTY MARKET
700 1# - ADDED ENTRY--PERSONAL NAME
Personal name Thame, David
700 1# - ADDED ENTRY--PERSONAL NAME
Personal name Cunningham, Daniel
700 1# - ADDED ENTRY--PERSONAL NAME
Personal name Nlghamry, Nadia
700 1# - ADDED ENTRY--PERSONAL NAME
Personal name Meadwell, Stacey
942 ## - ADDED ENTRY ELEMENTS (KOHA)
Suppress in OPAC 0
Holdings
Withdrawn status Lost status Source of classification or shelving scheme Damaged status Not for loan Home library Current library Shelving location Date acquired Total Checkouts Full call number Barcode Date last seen Copy number Price effective from Koha item type
    Dewey Decimal Classification     London London Journal article 23/09/2010   L151016 151016-1001 06/08/2019 1 06/08/2019 Journal article